000
00320nam a22001337a 4500
008
171009b xxu||||| |||| 00| 0 eng d
020
_a
9780716736783
041
_a
eng
080
_2
5TH
_a
159.9
100
_a
49
101
_a
PSI
245
_a
COGNITIVE PSYCHOLOGY AND ITS IMPLICATIONS
_c
ANDERSON.J.R
942
_2
udc
_c
BK
999
_c
32672
_d
32672